Library Banner

Iqbal aur mashriq wa maghrib kay mufakareen/ (Record no. 102717)

MARC details
000 -LEADER
fixed length control field 00406nam a22001457a 4500
005 - DATE AND TIME OF LATEST TRANSACTION
control field 20180207101310.0
008 - FIXED-LENGTH DATA ELEMENTS--GENERAL INFORMATION
fixed length control field 180207b xxu||||| |||| 00| 0 eng d
040 ## - CATALOGING SOURCE
Transcribing agency PK-LaUMT
082 ## - DEWEY DECIMAL CLASSIFICATION NUMBER
Classification number PKAC 109.2
Item number ISH-I
100 ## - MAIN ENTRY--PERSONAL NAME
Personal name Ishrat Hasan Anwer
245 ## - TITLE STATEMENT
Title Iqbal aur mashriq wa maghrib kay mufakareen/
Statement of responsibility, etc Ishrat Hasan Anwer
260 ## - PUBLICATION, DISTRIBUTION, ETC. (IMPRINT)
Place of publication, distribution, etc لاہور:
Name of publisher, distributor, etc بزم اقبال
Date of publication, distribution, etc 1989
300 ## - PHYSICAL DESCRIPTION
Extent 194
942 ## - ADDED ENTRY ELEMENTS (KOHA)
Koha item type Books
Holdings
Withdrawn status Lost status Damaged status Home library Current library Date acquired Full call number Barcode Date last seen Price effective from Koha item type
      UMT Main Campus UMT Main Campus 2018-02-07 PKAC 109.2 ISH-I 117786 2018-02-07 2018-02-07 Books